[Event "XII Sabadell Open 2019"]
[Site "Sabadell"]
[Date "2019.09.07"]
[Round "6.7"]
[White "Moskalenko, Viktor"]
[Black "Gomez Jurado, Luis Alberto"]
[Result "1-0"]
[WhiteElo "2475"]
[BlackElo "2307"]
[Annotator "ChessBase"]
[PlyCount "133"]
[EventDate "2019.09.01"]
[EventCountry "ESP"]
[SourceTitle "playchess.com"]
[Source "ChessBase"]
[SourceQuality "1"]
[TimeControl "5400+30"]

1. d4 {[%emt 0:00:02]} d5 {[%emt 0:02:32]} 2. c4 {[%emt 0:00:14]} c6 {[%emt 0:00:05]} 3. cxd5 {[%emt 0:01:39]} cxd5 {[%emt 0:00:06]} 4. Bf4 {[%emt 0:00:12]} Nc6 {[%emt 0:00:08]} 5. e3 {[%emt 0:00:10]} Nf6 {[%emt 0:00:14]} 6. Nc3 {[%emt 0:00:05]} a6 {[%emt 0:01:30]} 7. Rc1 {[%emt 0:00:51]} e6 {[%emt 0:00:50]} 8. Bd3 {[%emt 0:01:12]} Bd6 {[%emt 0:02:47]} 9. Nf3 {[%emt 0:03:52]} Bxf4 {[%emt 0:00:31]} 10. exf4 {[%emt 0:00:09]} Qd6 {[%emt 0:00:11]} 11. g3 {[%emt 0:03:25]} Bd7 {[%emt 0:11:57]} 12. Qd2 {[%emt 0:01:06]} O-O {[%emt 0:03:06]} 13. O-O {[%emt 0:00:11]} Rfc8 {[%emt 0:15:51]} 14. Rfd1 {[%emt 0:03:52]} b5 {[%emt 0:12:51]} 15. Ne2 {[%emt 0:04:46]} Rc7 {[%emt 0:02:12]} 16. Ne5 {[%emt 0:01:59]} Rac8 {[%emt 0:01:24]} 17. f3 {[%emt 0:04:21]} g6 {[%emt 0:06:56]} 18. Kf2 {[%emt 0:12:00]} Ne8 {[%emt 0:11:04]} 19. a3 {[%emt 0:02:47]} f6 {[%emt 0:01:01]} 20. Nxc6 {[%emt 0:00:09]} Rxc6 {[%emt 0:00:19]} 21. Rxc6 {[%emt 0:01:14]} Rxc6 {[%emt 0:00:49]} 22. Rc1 {[%emt 0:00:09]} Qc7 {[%emt 0:04:36]} 23. Rxc6 {[%emt 0:00:15]} Qxc6 {[%emt 0:01:34]} 24. Qa5 {[%emt 0:01:05]} Nc7 {[%emt 0:02:28]} 25. Ke3 {[%emt 0:01:53]} Kf7 {[%emt 0:00:19]} 26. Kd2 {[%emt 0:00:11]} Ne8 {[%emt 0:10:08]} 27. Qd8 {[%emt 0:00:35]} Qc7 {[%emt 0:00:19]} 28. Qxc7 {[%emt 0:00:24]} Nxc7 {[%emt 0:00:04]} 29. Kc3 {[%emt 0:00:53]} a5 {[%emt 0:00:12]} 30. Nc1 {[%emt 0:05:29]} Na6 {[%emt 0:09:29]} 31. Nb3 {[%emt 0:00:15]} a4 {[%emt 0:00:05]} 32. Nc5 {[%emt 0:10:48]} Nxc5 {[%emt 0:00:11]} 33. dxc5 {[%emt 0:00:02]} e5 {[%emt 0:00:06]} 34. Kb4 {[%emt 0:04:06]} d4 {[%emt 0:00:45]} 35. Ka5 {[%emt 0:00:45]} Bc6 {[%emt 0:02:18]} 36. Kb6 {[%emt 0:01:04]} Bxf3 {[%emt 0:00:07]} 37. c6 {[%emt 0:00:37]} e4 {[%emt 0:01:24]} 38. Bxb5 {[%emt 0:00:22]} d3 {[%emt 0:01:43]} 39. h3 {[%emt 0:01:03]} d2 {[%emt 0:03:56]} 40. c7 {[%emt 0:00:29]} d1=Q {[%emt 0:00:36]} 41. c8=Q {[%emt 0:00:03]} Qd4+ {[%emt 0:00:54]} 42. Ka5 {[%emt 0:00:37]} Qa7+ {[%emt 0:02:31]} 43. Kb4 {[%emt 0:00:17]} Qe7+ {[%emt 0:00:37]} 44. Kc3 {[%emt 0:00:37]} e3 {[%emt 0:00:53]} 45. Qd7 {[%emt 0:00:22]} Qxd7 {[%emt 0:01:15]} 46. Bxd7 {[%emt 0:00:02]} Bd1 {[%emt 0:00:19]} 47. Kd3 {[%emt 0:00:59]} Ke7 {[%emt 0:01:52]} 48. Bg4 {[%emt 0:00:16]} Bb3 {[%emt 0:00:16]} 49. Kxe3 {[%emt 0:00:06]} Kd6 {[%emt 0:00:13]} 50. Kd4 {[%emt 0:00:27]} h6 {[%emt 0:00:34]} 51. Be2 {[%emt 0:00:59]} g5 {[%emt 0:00:07]} 52. Bc4 {[%emt 0:00:26]} Bd1 {[%emt 0:00:30]} 53. h4 {[%emt 0:00:12]} gxf4 {[%emt 0:00:49]} 54. gxf4 {[%emt 0:00:02]} Kc6 {[%emt 0:00:48]} 55. Bd3 {[%emt 0:00:34]} Kd6 {[%emt 0:00:46]} 56. Ke4 {[%emt 0:00:09]} Bg4 {[%emt 0:01:30]} 57. Bb5 {[%emt 0:00:18]} f5+ {[%emt 0:00:31]} 58. Kd4 {[%emt 0:00:12]} Bd1 {[%emt 0:00:10]} 59. Bc4 {[%emt 0:03:11]} Bf3 {[%emt 0:00:19]} 60. Bd3 {[%emt 0:00:51]} Ke6 {[%emt 0:00:11]} 61. Bc2 {[%emt 0:00:11]} Bc6 {[%emt 0:00:11]} 62. Kc5 {[%emt 0:00:15]} Bd7 {[%emt 0:00:52]} 63. b4 {[%emt 0:00:31]} axb3 {[%emt 0:00:57]} 64. Bxb3+ {[%emt 0:00:02]} Kf6 {[%emt 0:00:14]} 65. a4 {[%emt 0:00:20]} Kg6 {[%emt 0:00:20]} 66. a5 {[%emt 0:00:11]} Bc8 {[%emt 0:00:17]} 67. Bd1 {[%emt 0:03:23]} 1-0

[Event "XII Sabadell Open 2019"]
[Site "Sabadell"]
[Date "2019.09.07"]
[Round "6.8"]
[White "Esplugas Esteve, Vicenc"]
[Black "Avila Pavas, Santiago"]
[Result "0-1"]
[WhiteElo "2372"]
[BlackElo "2412"]
[Annotator "TA"]
[PlyCount "60"]
[EventDate "2019.09.01"]
[EventCountry "ESP"]
[SourceTitle "playchess.com"]
[Source "ChessBase"]
[SourceQuality "1"]

{[%evp 9,60,35,52,47,60,64,60,31,29,18,22,17,18,12,12,14,12,29,38,54,48,47,60,0,0,0,26,26,26,17,29,-83,0,-90,-47,-57,-48,-75,-58,-765,-729,-935,-907,-907,-902,-5281,-4998,-3399,-3131,-29993,-29994,-29996,-29997]} 1. d4 Nf6 2. c4 c5 3. d5 b5 4. cxb5 a6 5. bxa6 g6 6. Nc3 {A58: Benko/Volga Gambit: Lines with 5 bxa6} Bg7 7. e4 O-O 8. e5 {White is slightly better.} Ne8 9. h4 Bxe5 10. Bh6 Ng7 $146 (10... Bxa6 11. h5 Ng7 12. Nf3 Bxc3+ 13. bxc3 Bxf1 14. Kxf1 {1-0 (22) So,W (2780)-Duda,J (2737) chess.com INT 2018}) 11. Nf3 Bf6 12. h5 Qb6 13. Qd2 Bxa6 14. Ng5 Bd4 15. Rh3 d6 16. O-O-O (16. Bxa6 $14 Nxa6 17. Rd1) 16... Bc8 $11 17. Rh2 Bf5 18. g4 Bxg4 {[%mdl 64] [#] Double Attack} 19. hxg6 $1 {[%mdl 512]} hxg6 (19... fxg6 20. Re1) 20. Re1 {[#]} (20. Bxg7 $11 Bxg7 21. f3) 20... Na6 (20... Nd7 $1 $17) 21. Re4 (21. Rxe7 $11 {remains equal.} Bf5 22. Nge4) 21... Bf5 22. Rxd4 $1 cxd4 23. Bxg7 $1 Kxg7 24. Rh7+ $2 {[%mdl 8192]} (24. Nh7 $15 f6 25. Nxf8 Rxf8 26. Qh6+ Kf7 27. Bb5) 24... Kg8 $19 25. Na4 Rac8+ 26. Kd1 Qb4 27. Bxa6 Qxa4+ {[%mdl 64] Double Attack} 28. Ke1 Qxa6 29. Qxd4 Rc1+ 30. Kd2 Rc2+ {Accuracy: White = 45%, Black = 80%.} 0-1

[Event "XII Sabadell Open 2019"]
[Site "Sabadell"]
[Date "2019.09.07"]
[Round "6.9"]
[White "Cifuentes, John Jairo"]
[Black "Valdes Romero, Leonardo"]
[Result "0-1"]
[WhiteElo "2141"]
[BlackElo "2399"]
[Annotator "ChessBase"]
[PlyCount "78"]
[EventDate "2019.09.01"]
[EventCountry "ESP"]
[SourceTitle "playchess.com"]
[Source "ChessBase"]
[SourceQuality "1"]
[TimeControl "5400+30"]

1. e4 {[%emt 0:26:50]} d6 {[%emt 0:00:09]} 2. d4 {[%emt 0:00:35]} Nf6 {[%emt 0:00:05]} 3. Nc3 {[%emt 0:00:20]} g6 {[%emt 0:00:37]} 4. Be3 {[%emt 0:00:35]} Bg7 {[%emt 0:00:13]} 5. f3 {[%emt 0:00:28]} c6 {[%emt 0:00:32]} 6. Qd2 {[%emt 0:00:14]} b5 {[%emt 0:00:59]} 7. a3 {[%emt 0:02:50]} Nbd7 {[%emt 0:06:04]} 8. g4 {[%emt 0:03:07]} Nb6 {[%emt 0:01:27]} 9. g5 {[%emt 0:03:39]} Nfd7 {[%emt 0:00:59]} 10. h4 {[%emt 0:00:54]} a5 {[%emt 0:01:03]} 11. h5 {[%emt 0:02:33]} Rg8 {[%emt 0:00:08]} 12. hxg6 {[%emt 0:05:34]} hxg6 {[%emt 0:01:16]} 13. Rh7 {[%emt 0:07:44]} Nc4 {[%emt 0:09:30]} 14. Bxc4 {[%emt 0:00:00]} bxc4 {[%emt 0:01:15]} 15. Qh2 {[%emt 0:00:00]} Nf8 {[%emt 0:00:26]} 16. Rh4 {[%emt 0:07:38]} Rb8 {[%emt 0:11:57]} 17. Rb1 {[%emt 0:07:17]} Bd7 {[%emt 0:15:37]} 18. Nge2 {[%emt 0:00:00]} Rb7 {[%emt 0:01:57]} 19. e5 {[%emt 0:07:16]} Bf5 {[%emt 0:07:28]} 20. Ng3 {[%emt 0:00:00]} Qb8 {[%emt 0:00:23]} 21. Nxf5 {[%emt 0:00:00]} gxf5 {[%emt 0:00:21]} 22. exd6 {[%emt 0:00:00]} Qxd6 {[%emt 0:11:42]} 23. Ne2 {[%emt 0:02:28]} Ng6 {[%emt 0:10:38]} 24. Rh7 {[%emt 0:02:26]} Qe6 {[%emt 0:04:57]} 25. Kf2 {[%emt 0:06:40]} f4 {[%emt 0:00:00]} 26. Nxf4 {[%emt 0:01:18]} Qf5 {[%emt 0:00:00]} 27. Nxg6 {[%emt 0:04:13]} Qxc2+ {[%emt 0:00:00]} 28. Kg3 {[%emt 0:00:11]} Qxg6 {[%emt 0:01:44]} 29. Rd1 {[%emt 0:01:42]} Rb3 {[%emt 0:00:43]} 30. Bf4 {[%emt 0:02:33]} Qe4 {[%emt 0:01:41]} 31. Qh5 {[%emt 0:03:48]} Kd7 {[%emt 0:05:39]} 32. Rf1 {[%emt 0:00:00]} Qg6 {[%emt 0:00:39]} 33. Qg4+ {[%emt 0:00:00]} e6 {[%emt 0:00:08]} 34. Rh2 {[%emt 0:00:00]} Bxd4 {[%emt 0:00:28]} 35. Rd2 {[%emt 0:00:05]} Rd3 {[%emt 0:00:27]} 36. Rc1 {[%emt 0:00:18]} Rxd2 {[%emt 0:01:47]} 37. Bxd2 {[%emt 0:00:05]} Qd3 {[%emt 0:00:10]} 38. Qf4 {[%emt 0:00:38]} f6 {[%emt 0:01:04]} 39. Bc3 {[%emt 0:01:33]} Rxg5+ {[%emt 0:01:17]} 0-1

[Event "XII Sabadell Open 2019"]
[Site "Sabadell"]
[Date "2019.09.07"]
[Round "6.10"]
[White "Lever, Erwan"]
[Black "Martinez Romero, Martin"]
[Result "1/2-1/2"]
[WhiteElo "2221"]
[BlackElo "2421"]
[Annotator "TA"]
[PlyCount "66"]
[EventDate "2019.09.01"]
[EventCountry "ESP"]
[SourceTitle "playchess.com"]
[Source "ChessBase"]
[SourceQuality "1"]

{[%evp 21,66,23,18,6,32,23,58,23,23,16,18,25,33,31,18,20,82,82,75,75,82,81,85,78,78,73,100,106,107,83,85,83,78,33,41,41,34,32,44,43,43,41,30,29,29,28,52]} 1. d4 Nf6 2. c4 e6 3. g3 d5 4. Nf3 c5 5. Bg2 Nc6 6. O-O Be7 7. cxd5 exd5 8. Nc3 O-O 9. dxc5 Bxc5 10. Na4 Be7 11. Be3 Re8 12. Nd4 {D34: Tarrasch Defence: 6 g3 Nf6 7 Bg2 Be7} (12. Rc1 Ne4 13. Nd4 Bd7 14. Nc3 Bf6 15. Nxd5 Bxd4 16. Bxd4 Be6 17. Bxe4 Bxd5 18. Bb6 Qxb6 19. Bxd5 Rad8 20. e4 Nb4 {½-½ (43) Le,Q (2714)-Boros,D (2442) Burlingame 2019}) 12... Bd7 13. Rc1 $146 ({Predecessor:} 13. Nxc6 Bxc6 14. Nc3 Ne4 15. Bd4 Nxc3 16. bxc3 Bf6 {½-½ (16) Zara,D-Ligterink,G Groningen 1967}) 13... Qa5 {[#] ...Nxd4 is the strong threat.} 14. Nxc6 {White is slightly better.} Bxc6 15. Nc3 Ne4 16. Bd4 Nxc3 17. Bxc3 Qxa2 18. e3 Rad8 {[#]} (18... Bf8 $11) 19. Qg4 $1 $36 {[%csl Gc3][%cal Rg4g7][%mdl 2560] Keeping Black busy.} Bf8 20. Ra1 Qb3 21. Rxa7 Ra8 22. Raa1 Rxa1 23. Rxa1 Qc2 24. h4 h6 25. Bf3 Rd8 26. Rd1 b5 {[%cal Bb7b5,Bb5b4][%mdl 32]} 27. Ra1 b4 28. Bd4 Bd7 29. Qf4 Be6 30. Qe5 Qc6 31. Ra7 Ra8 32. Rxa8 Qxa8 33. Qc7 Bf5 {Accuracy: White = 80%, Black = 74%.} 1/2-1/2

[Event "XII Sabadell Open 2019"]
[Site "Sabadell"]
[Date "2019.09.07"]
[Round "6.11"]
[White "Quesada Vera, Liordis"]
[Black "Campos Cayuelas, Adria"]
[Result "1-0"]
[WhiteElo "2389"]
[BlackElo "2196"]
[Annotator "ChessBase"]
[PlyCount "65"]
[EventDate "2019.09.01"]
[EventCountry "ESP"]
[SourceTitle "playchess.com"]
[Source "ChessBase"]
[SourceQuality "1"]
[TimeControl "5400+30"]

1. Nf3 {[%emt 0:01:13]} Nf6 {[%emt 0:00:03]} 2. d4 {[%emt 0:00:20]} g6 {[%emt 0:00:19]} 3. g3 {[%emt 0:00:12]} Bg7 {[%emt 0:00:12]} 4. Bg2 {[%emt 0:00:00]} O-O {[%emt 0:00:07]} 5. O-O {[%emt 0:00:09]} d6 {[%emt 0:00:12]} 6. c4 {[%emt 0:00:00]} Nc6 {[%emt 0:00:32]} 7. Nc3 {[%emt 0:00:00]} a6 {[%emt 0:00:56]} 8. b3 {[%emt 0:00:00]} Rb8 {[%emt 0:00:48]} 9. Nd5 {[%emt 0:06:27]} b5 {[%emt 0:07:34]} 10. Nxf6+ {[%emt 0:00:00]} Bxf6 {[%emt 0:00:33]} 11. Bh6 {[%emt 0:00:00]} Re8 {[%emt 0:00:11]} 12. Rc1 {[%emt 0:00:00]} Bd7 {[%emt 0:05:52]} 13. Be3 {[%emt 0:24:56]} bxc4 {[%emt 0:14:35]} 14. Rxc4 {[%emt 0:00:00]} Nb4 {[%emt 0:14:46]} 15. Bd2 {[%emt 0:09:44]} Nd5 {[%emt 0:04:25]} 16. Ba5 {[%emt 0:00:00]} Rb5 {[%emt 0:00:00]} 17. Qd2 {[%emt 0:00:00]} Qb8 {[%emt 0:03:32]} 18. Rfc1 {[%emt 0:00:00]} Rc8 {[%emt 0:00:00]} 19. e4 {[%emt 0:00:00]} Nb6 {[%emt 0:00:00]} 20. R4c2 {[%emt 0:03:49]} Bg4 {[%emt 0:00:03]} 21. d5 {[%emt 0:01:03]} Nd7 {[%emt 0:08:47]} 22. Ne1 {[%emt 0:02:08]} Nc5 {[%emt 0:00:00]} 23. Rc4 {[%emt 0:02:21]} Bd7 {[%emt 0:00:12]} 24. b4 {[%emt 0:03:46]} Rxa5 {[%emt 0:04:31]} 25. bxa5 {[%emt 0:00:00]} c6 {[%emt 0:04:29]} 26. dxc6 {[%emt 0:02:18]} Bxc6 {[%emt 0:00:00]} 27. e5 {[%emt 0:06:56]} Bxe5 {[%emt 0:00:00]} 28. Nd3 {[%emt 0:01:13]} Nxd3 {[%emt 0:02:02]} 29. Qxd3 {[%emt 0:00:39]} Bd7 {[%emt 0:00:30]} 30. Qb3 {[%emt 0:00:51]} Rd8 {[%emt 0:01:01]} 31. Rb4 {[%emt 0:00:56]} Qa7 {[%emt 0:00:22]} 32. Rb7 {[%emt 0:00:14]} Qd4 {[%emt 0:00:16]} 33. Qb6 {[%emt 0:01:36]} 1-0

[Event "XII Sabadell Open 2019"]
[Site "Sabadell"]
[Date "2019.09.07"]
[Round "6.12"]
[White "Borrellas Comellas, Josep"]
[Black "Fernandez Aguilar, Francisco"]
[Result "1/2-1/2"]
[WhiteElo "1943"]
[BlackElo "2040"]
[Annotator "NA"]
[PlyCount "40"]
[EventDate "2019.09.01"]
[EventCountry "ESP"]
[SourceTitle "playchess.com"]
[Source "ChessBase"]
[SourceQuality "1"]
[TimeControl "5400+30"]

1. e4 {[%emt 0:00:00]} c5 {[%emt 0:00:00]} 2. Nf3 {[%emt 0:00:00]} d6 {[%emt 0:00:00]} 3. d4 {[%emt 0:00:00]} cxd4 {[%emt 0:00:00]} 4. Nxd4 {[%emt 0:00:00]} Nf6 {[%emt 0:00:05]} 5. Nc3 {[%emt 0:00:11]} g6 {[%emt 0:00:55]} 6. g3 {[%emt 0:00:49]} Bg7 {[%emt 0:00:25]} 7. Bg2 {[%emt 0:00:10]} O-O {[%emt 0:00:00]} 8. O-O {[%emt 0:00:13]} Nc6 {[%emt 0:02:01]} 9. Nxc6 {[%emt 0:01:57]} bxc6 {[%emt 0:00:24]} 10. e5 {[%emt 0:00:48]} dxe5 {[%emt 0:03:36]} 11. Qxd8 {[%emt 0:03:16]} Rxd8 {[%emt 0:00:00]} 12. Bxc6 {[%emt 0:00:43]} Rb8 {[%emt 0:00:00]} 13. Rd1 {[%emt 0:05:43]} Rd6 {[%emt 0:06:09]} 14. Rxd6 {[%emt 0:10:47]} exd6 {[%emt 0:00:09]} 15. Nd5 {[%emt 0:13:40]} Be6 {[%emt 0:13:40]} 16. c4 {[%emt 0:18:56]} Kf8 {[%emt 0:16:54]} 17. b3 {[%emt 0:00:00]} Rc8 {[%emt 0:08:11]} 18. Bb7 {[%emt 0:00:00]} Rb8 {[%emt 0:11:58]} 19. Bc6 {[%emt 0:00:00]} Rc8 {[%emt 0:01:25]} 20. Bb7 {[%emt 0:00:00]} Rb8 {[%emt 0:00:06]} 1/2-1/2

[Event "XII Sabadell Open 2019"]
[Site "Sabadell"]
[Date "2019.09.07"]
[Round "6.13"]
[White "Prats Rodriguez, Juan Bosco"]
[Black "Abreu Flores, Daniel"]
[Result "1-0"]
[WhiteElo "1936"]
[BlackElo "1905"]
[Annotator "NA"]
[PlyCount "119"]
[EventDate "2019.09.01"]
[EventCountry "ESP"]
[SourceTitle "playchess.com"]
[Source "ChessBase"]
[SourceQuality "1"]
[TimeControl "5400+30"]

1. e4 {[%emt 0:00:02]} e6 {[%emt 0:00:53]} 2. d3 {[%emt 0:00:14]} d5 {[%emt 0:00:07]} 3. Qe2 {[%emt 0:00:26]} Nf6 {[%emt 0:00:08]} 4. Nf3 {[%emt 0:00:46]} b6 {[%emt 0:00:34]} 5. e5 {[%emt 0:03:18]} Nfd7 {[%emt 0:00:29]} 6. g3 {[%emt 0:00:26]} Ba6 {[%emt 0:00:48]} 7. Bg2 {[%emt 0:01:00]} Nc6 {[%emt 0:02:59]} 8. O-O {[%emt 0:00:28]} Bc5 {[%emt 0:02:35]} 9. c3 {[%emt 0:08:03]} Be7 {[%emt 0:03:34]} 10. h4 {[%emt 0:04:04]} h6 {[%emt 0:02:23]} 11. h5 {[%emt 0:06:07]} O-O {[%emt 0:07:08]} 12. Re1 {[%emt 0:14:10]} f6 {[%emt 0:01:06]} 13. exf6 {[%emt 0:00:51]} Rxf6 {[%emt 0:00:58]} 14. b4 {[%emt 0:06:29]} e5 {[%emt 0:04:16]} 15. Qd1 {[%emt 0:23:41]} Kh8 {[%emt 0:05:22]} 16. a4 {[%emt 0:00:52]} Bb7 {[%emt 0:10:05]} 17. b5 {[%emt 0:04:35]} Na5 {[%emt 0:02:11]} 18. Nxe5 {[%emt 0:00:14]} Nxe5 {[%emt 0:00:44]} 19. Rxe5 {[%emt 0:05:43]} Bd6 {[%emt 0:02:10]} 20. Re2 {[%emt 0:05:49]} Bc8 {[%emt 0:00:05]} 21. Re1 {[%emt 0:05:10]} Qf8 {[%emt 0:03:17]} 22. Be3 {[%emt 0:02:56]} Be6 {[%emt 0:01:55]} 23. Bd4 {[%emt 0:02:03]} Bc5 {[%emt 0:06:13]} 24. Bxf6 {[%emt 0:02:44]} Qxf6 {[%emt 0:00:03]} 25. d4 {[%emt 0:01:31]} Rf8 {[%emt 0:00:57]} 26. Ra2 {[%emt 0:01:29]} Bd6 {[%emt 0:00:22]} 27. Qe2 {[%emt 0:02:01]} Bf7 {[%emt 0:05:18]} 28. Qg4 {[%emt 0:01:07]} Nc4 {[%emt 0:00:27]} 29. Rae2 {[%emt 0:01:44]} Qg5 {[%emt 0:01:10]} 30. Qxg5 {[%emt 0:00:49]} hxg5 {[%emt 0:00:01]} 31. Bf3 {[%emt 0:03:03]} Ra8 {[%emt 0:00:55]} 32. Nd2 {[%emt 0:02:56]} Nxd2 {[%emt 0:00:03]} 33. Rxd2 a6 {[%emt 0:00:17]} 34. bxa6 {[%emt 0:03:56]} Rxa6 {[%emt 0:00:02]} 35. Ra1 {[%emt 0:01:56]} Ra5 {[%emt 0:00:30]} 36. Rb2 {[%emt 0:00:36]} Be8 {[%emt 0:00:24]} 37. Be2 {[%emt 0:02:46]} g4 {[%emt 0:01:03]} 38. Bxg4 {[%emt 0:00:56]} b5 {[%emt 0:01:25]} 39. Be2 {[%emt 0:00:47]} c6 {[%emt 0:00:18]} 40. Rba2 {[%emt 0:00:38]} b4 {[%emt 0:01:38]} 41. cxb4 {[%emt 0:00:14]} Bxb4 {[%emt 0:00:18]} 42. Rb1 {[%emt 0:00:32]} Bd6 {[%emt 0:01:44]} 43. Rb6 {[%emt 0:00:10]} Kh7 {[%emt 0:01:21]} 44. Ra6 {[%emt 0:01:09]} Bb4 {[%emt 0:00:03]} 45. Rxa5 {[%emt 0:00:18]} Bxa5 {[%emt 0:00:01]} 46. Ra1 {[%emt 0:02:11]} Kh6 {[%emt 0:00:09]} 47. Bf3 {[%emt 0:01:56]} Kg5 {[%emt 0:00:44]} 48. Kf1 {[%emt 0:00:19]} Bd7 {[%emt 0:00:16]} 49. Rc1 {[%emt 0:02:12]} Bb4 {[%emt 0:00:26]} 50. Ke2 {[%emt 0:00:48]} Kf6 {[%emt 0:01:07]} 51. Ke3 {[%emt 0:00:24]} Ke7 {[%emt 0:00:24]} 52. g4 {[%emt 0:03:02]} Kd6 {[%emt 0:00:01]} 53. Bd1 {[%emt 0:02:09]} c5 {[%emt 0:00:22]} 54. dxc5+ {[%emt 0:00:29]} Bxc5+ {[%emt 0:00:47]} 55. Rxc5 {[%emt 0:00:39]} Kxc5 {[%emt 0:00:02]} 56. f4 {[%emt 0:01:02]} Bc8 {[%emt 0:00:41]} 57. f5 {[%emt 0:00:40]} d4+ {[%emt 0:00:17]} 58. Kf4 {[%emt 0:00:22]} d3 {[%emt 0:00:55]} 59. g5 {[%emt 0:00:39]} d2 {[%emt 0:00:34]} 60. h6 {[%emt 0:00:32]} 1-0

[Event "XII Sabadell Open 2019"]
[Site "Sabadell"]
[Date "2019.09.07"]
[Round "6.14"]
[White "Prada Villagrasa, Pau Manel"]
[Black "Menendez Cabrera, Enric"]
[Result "0-1"]
[WhiteElo "1475"]
[BlackElo "1558"]
[Annotator "NA"]
[PlyCount "138"]
[EventDate "2019.09.01"]
[EventCountry "ESP"]
[SourceTitle "playchess.com"]
[Source "ChessBase"]
[SourceQuality "1"]
[TimeControl "5400+30"]

1. Nf3 {[%emt 0:00:00]} Nf6 {[%emt 0:00:42]} 2. b3 {[%emt 0:01:19]} d6 {[%emt 0:00:06]} 3. Bb2 {[%emt 0:00:00]} e5 {[%emt 0:01:03]} 4. e3 {[%emt 0:00:00]} Nbd7 {[%emt 0:02:36]} 5. d4 {[%emt 0:01:36]} e4 {[%emt 0:00:31]} 6. Nfd2 {[%emt 0:01:10]} d5 {[%emt 0:01:35]} 7. c4 {[%emt 0:01:04]} c6 {[%emt 0:00:00]} 8. Be2 {[%emt 0:02:57]} a6 {[%emt 0:00:44]} 9. Qc2 {[%emt 0:01:49]} Be7 {[%emt 0:00:45]} 10. O-O {[%emt 0:01:25]} O-O {[%emt 0:02:14]} 11. Re1 {[%emt 0:04:02]} Re8 {[%emt 0:00:28]} 12. Nf1 {[%emt 0:00:49]} Nf8 {[%emt 0:00:42]} 13. Nbd2 {[%emt 0:04:17]} Ng6 {[%emt 0:00:28]} 14. Ng3 {[%emt 0:00:00]} Bf8 {[%emt 0:05:29]} 15. Rac1 {[%emt 0:00:00]} Bd7 {[%emt 0:06:02]} 16. cxd5 {[%emt 0:05:06]} cxd5 {[%emt 0:04:56]} 17. Qc7 {[%emt 0:08:39]} Qxc7 {[%emt 0:00:00]} 18. Rxc7 {[%emt 0:00:09]} Bc6 {[%emt 0:01:19]} 19. Nb1 {[%emt 0:01:23]} Bd6 {[%emt 0:01:12]} 20. Rxc6 {[%emt 0:01:19]} bxc6 {[%emt 0:00:00]} 21. Rc1 {[%emt 0:01:03]} Rec8 {[%emt 0:01:33]} 22. Nf5 {[%emt 0:01:12]} Bf8 {[%emt 0:00:32]} 23. Ba3 {[%emt 0:00:26]} Bxa3 {[%emt 0:00:00]} 24. Nxa3 {[%emt 0:00:34]} Kf8 {[%emt 0:00:00]} 25. Nd6 {[%emt 0:00:54]} Rc7 {[%emt 0:00:36]} 26. b4 {[%emt 0:01:19]} Ne8 {[%emt 0:00:00]} 27. Nxe8 {[%emt 0:00:49]} Kxe8 {[%emt 0:01:50]} 28. h3 {[%emt 0:02:48]} Kd7 {[%emt 0:00:00]} 29. Bg4+ {[%emt 0:00:27]} Kd6 {[%emt 0:00:00]} 30. Nc2 {[%emt 0:00:54]} Ne7 {[%emt 0:00:00]} 31. a4 {[%emt 0:01:08]} a5 {[%emt 0:00:00]} 32. Rb1 {[%emt 0:02:51]} axb4 {[%emt 0:00:08]} 33. Rxb4 {[%emt 0:00:27]} Rca7 {[%emt 0:00:00]} 34. Rb2 {[%emt 0:00:57]} Rxa4 {[%emt 0:00:00]} 35. Rb7 {[%emt 0:00:30]} R4a7 {[%emt 0:00:00]} 36. Rb6 {[%emt 0:00:57]} f5 {[%emt 0:00:00]} 37. Bh5 {[%emt 0:01:39]} g6 {[%emt 0:00:34]} 38. Bd1 {[%emt 0:00:46]} Ra1 {[%emt 0:00:00]} 39. Nxa1 {[%emt 0:00:30]} Rxa1 {[%emt 0:00:00]} 40. Kf1 {[%emt 0:00:06]} Rxd1+ {[%emt 0:00:00]} 41. Ke2 {[%emt 0:00:07]} Ra1 {[%emt 0:00:00]} 42. Rb7 {[%emt 0:00:41]} h5 {[%emt 0:00:13]} 43. Rb8 {[%emt 0:02:42]} Ra2+ {[%emt 0:02:38]} 44. Ke1 {[%emt 0:00:00]} Ra5 {[%emt 0:01:12]} 45. Rf8 {[%emt 0:02:13]} Ra7 {[%emt 0:00:37]} 46. Rf6+ {[%emt 0:00:00]} Kd7 {[%emt 0:01:04]} 47. h4 {[%emt 0:00:00]} Ra8 {[%emt 0:01:21]} 48. Kf1 {[%emt 0:01:08]} Rg8 {[%emt 0:01:26]} 49. Ke2 {[%emt 0:00:38]} Rg7 {[%emt 0:00:48]} 50. f3 {[%emt 0:03:12]} Ke8 {[%emt 0:02:51]} 51. Kf2 {[%emt 0:00:00]} Rf7 {[%emt 0:00:37]} 52. Rd6 {[%emt 0:00:00]} Rg7 {[%emt 0:03:24]} 53. Kg3 {[%emt 0:01:16]} g5 {[%emt 0:01:32]} 54. Kh2 {[%emt 0:00:40]} Rg6 {[%emt 0:00:54]} 55. Rxg6 {[%emt 0:00:52]} Nxg6 {[%emt 0:00:09]} 56. hxg5 {[%emt 0:00:08]} Kd7 {[%emt 0:00:40]} 57. Kh3 {[%emt 0:01:38]} Ke6 {[%emt 0:00:59]} 58. g4 {[%emt 0:01:10]} hxg4+ {[%emt 0:00:18]} 59. fxg4 {[%emt 0:00:43]} f4 {[%emt 0:00:28]} 60. exf4 {[%emt 0:00:40]} Nxf4+ {[%emt 0:02:42]} 61. Kh4 {[%emt 0:04:35]} e3 {[%emt 0:00:00]} 62. Kg3 {[%emt 0:00:30]} e2 {[%emt 0:00:00]} 63. Kf2 {[%emt 0:00:06]} Kf7 {[%emt 0:00:00]} 64. Ke1 {[%emt 0:01:17]} Kg6 {[%emt 0:00:23]} 65. Kf2 {[%emt 0:00:49]} Kxg5 {[%emt 0:00:00]} 66. Kf3 {[%emt 0:00:06]} Kh4 {[%emt 0:00:00]} 67. Kf2 {[%emt 0:01:29]} Kxg4 {[%emt 0:00:00]} 68. Ke1 {[%emt 0:00:11]} Kf3 {[%emt 0:00:26]} 69. Kd2 {[%emt 0:00:17]} Kf2 {[%emt 0:00:35]} 0-1